Katedrály a konkatedrála v České republice - Města - Statistics

General Stats
  • This quiz has been taken 15 times
  • The average score is 6 of 16
Answer Stats
Kostel Město % Correct
Katedrála svatého Víta, Václava, Vojtěcha Praha
100%
Katedrála svatého Bartoloměje Plzeň
64%
Katedrála svatého Petra a Pavla Brno
50%
Katedrála svatého Václava Olomouc
50%
Katedrála svatého Ducha Hradec Králové
43%
Chrám svatého Gorazda Olomouc
43%
Katedrála svatého Mikuláše České Budějovice
36%
Konkatedrála Nanebevzetí Panny Marie Opava
36%
Katedrála Božského Spasitele Ostrava
36%
Chrám svatého Václava Brno
29%
Katedrála svatého Klimenta Praha
29%
Katedrální chrám svatého Vavřince Praha
29%
Katedrála svatého Štěpána Litoměřice
21%
Chrám svatého Cyrila a Metoděje Praha
21%
Chrám svatého Ducha Šumperk
14%
Katedrální chrám Proměnění Páně Varnsdorf
7%
No matching quizzes found
Score Distribution
Percent of People with Each Score
Percentile by Number Answered
Your Score History
You have not taken this quiz